00926nam a2200313Ia 4500008004100000020002200041100002200063245004000085245012900125260001500254260002000269260000900289300001700298300003300315300001100348440002400359440000700383650003400390650002400424650002000448650001300468650004900481650001300530650001300543650001300556650001300569650002200582700000800604160803s9999 xx 000 0 und d a0439559634 (pbk.) aStilton, Geronimo aLost treasure of the emerald eye /  cGeronimo Stilton ; illustrations by Matt Wolf, Mark Nithael, and Kat Stevens ; English translation by Edizioni Piemme S.p.a. aNew York : bScholastic Inc. c2000 a116 pages :  bcolor illustrations, maps ;  c20 cm. aGeronimo Stilton ;  v#1 aAdventure and adventurers --  aBuried treasure --  aJournalists --  aMice --  aStilton, Geronimo (Fictitious character) --  xFiction. xFiction. xFiction. xFiction. xJuvenile fiction. a530